Špecifiká kontroly v sektore sprostredkovateľov finančných služieb
Kontrolné subjekty pôsobiace v sektore finančných služieb. Problematika na domácom trhu, súčasný stav, nedostatky vo vnútorných procesoch, konkretizácia subjektov finančného trhu. Diskusia o postavení Národnej banky Slovenska ako inštitúcie, ktorá dohliada na všetkých subjekty pôsobiace na finančnom...
Uložené v:
| Hlavný autor: | |
|---|---|
| Ďalší autori: | , |
| Médium: | Kapitola |
| Jazyk: | Slovak |
| Predmet: | |
| Tagy: |
Žiadne tagy, Buďte prvý, kto otaguje tento záznam!
|
MARC
| LEADER | 00000naa$a2200000$$$4500 | ||
|---|---|---|---|
| 001 | 0249977 | ||
| 005 | 20240502074012.9 | ||
| 041 | 0 | |a slo | |
| 044 | |a SK | ||
| 245 | 1 | 0 | |a Špecifiká kontroly v sektore sprostredkovateľov finančných služieb |c Lucia Čakanová, Mojmir Vedej, Miroslav Pekár |
| 520 | |a Kontrolné subjekty pôsobiace v sektore finančných služieb. Problematika na domácom trhu, súčasný stav, nedostatky vo vnútorných procesoch, konkretizácia subjektov finančného trhu. Diskusia o postavení Národnej banky Slovenska ako inštitúcie, ktorá dohliada na všetkých subjekty pôsobiace na finančnom trhu. | ||
| 610 | 2 | 0 | |a trh finančný |
| 610 | 2 | 0 | |a poisťovne |
| 610 | 2 | 0 | |a audit |
| 610 | 2 | 0 | |a kontrola finančná |
| 610 | 2 | 0 | |a sprostredkovatelia |
| 610 | 2 | 0 | |a sprostredkovatelia finanční |
| 100 | 1 | |a Čakanová, Lucia, 1988- | |
| 700 | 1 | |a Vedej, Mojmír | |
| 700 | 1 | |a Pekár, Miroslav, 1976- | |